| 000 | 01020nam a22003257a 4500 | ||
|---|---|---|---|
| 003 | CHAP | ||
| 005 | 20220329140909.0 | ||
| 008 | 971013s r 00010 d | ||
| 010 | _a59481 | ||
| 011 | _a60453 | ||
| 035 | _a64615 | ||
| 040 | _cCHAP | ||
| 090 | _aFolleto 2902 | ||
| 100 | 0 | 0 |
_aPupo de Moraes, Ferdinando R. _993032 |
| 245 | _aFormacao do novos cafezais | ||
| 260 |
_a(s.l.) : _bInstituto Brasileiro do café, _c(s.a.) |
||
| 300 |
_a25 p. _b: ilus. |
||
| 590 |
_aBATCH-UPD _b10 _c20130110 _lUCH01 _h0131 |
||
| 590 |
_aBATCH-UPD _b10 _c20130110 _lUCH01 _h0808 |
||
| 590 |
_aBATCH-UPD _b10 _c20130409 _lUCH01 _h2127 |
||
| 590 |
_aBATCH-UPD _b10 _c20130410 _lUCH01 _h0506 |
||
| 590 |
_aBATCH-UPD _b10 _c20130914 _lUCH01 _h0807 |
||
| 590 |
_aCONVERSION _b10 _c20130109 _lUCH01 _h1332 |
||
| 650 | 1 | 4 |
_aCafé _xBrasil. _917113 |
| 700 | 0 |
_aGoncalves, José Carlos. _948624 |
|
| 700 | 0 |
_aMoraes Franco, Coaracy. _978192 |
|
| 901 | _aBK | ||
| 942 | _cFOLL | ||
| 949 |
_aFolleto 2902 _bBC _cFOLL _d-141075 _eTS1 _i64615 _mD _si |
||
| 999 |
_c59481 _d59481 |
||